Sistema activos integrados de protección contra incendio

Gorde:
Xehetasun bibliografikoak
Erakunde egilea: Primer Foro Regional NFPA Costa Rica (SAEG)
Formatua: Procedimiento de la Conferencia Liburua
Argitaratua: [San José ], Costa Rica 2000
Etiketak: Etiketa erantsi
Etiketarik gabe, Izan zaitez lehena erregistro honi etiketa jartzen!

MARC

LEADER 00000nam a2200000Ia 4500
003 000040
005 20221231144018.0
008 140114s2000 cr a 000 ||s d
040 |c cru CEDI 
082 |a 628.92 S622s 
111 |a Primer Foro Regional NFPA  |c Costa Rica  |d 2000  |e SAEG  |9 18777 
245 |a Sistema activos integrados de protección contra incendio  
260 |a [San José ], Costa Rica  |c 2000 
300 |a  1 v. (en varias paginaciones) : ilustraciones  
942 |2 ddc  |c BK 
999 |c 15595  |d 15595